000 00591nam a2200229Ia 4500
003 OSt
005 20220924134607.0
006 a|||||r|||| 00| 0
007 ta
008 220923b |||||||| |||| 00| 0 tel d
024 _a280759
037 _cTextual
040 _aARTS
_cARTS
_btel
041 _2tel
_atel
082 _aO35,2M65,VI, N4
100 _aRao Panuganti Laxminarasimha
_9208789
245 0 _aVipranarayana
260 _c1994
300 _a120p.
_ccm.
942 _hO35,2M65,VI, N4
_cTEXL
_2CC
999 _c437950
_d437950